Normal view
MARC view
- Partidos políticos
Entry Materia
001 - NÚMERO DE CONTROL DEL REGISTRO
- campo de control: 9992
003 - IDENTIFICADOR DE NUMERO DE CONTROL
- campo de control: UPN
005 - FECHA Y HORA DE LA ÚLTIMA TRANSACCIÓN
- campo de control: 20241129145208.0
008 - DATOS DE LONGITUD FIJA
- campo de control de longitud fija: nabaccnnaabn|||||||||| b |nc|||||d
035 ## - NÚMERO DE CONTROL DEL SISTEMA
- Número de control del sistema: UPN10000009999
040 ## - FUENTE DE LA CATALOGACIÓN
- Lengua de catalogación: SPA
- Agencia de transcripción: UPN
150 ## - ENCABEZAMIENTO - TEMÁTICO
- Término de materia o nombre geográfico como elemento inicial: Partidos políticos
- Subdivisión geográfica: México
670 ## - FUENTE EN LA QUE SE LOCALIZARON DATOS
- Cita de la fuente: Autoridades LC, 29 noviembre 2024 :
- Información localizada: (Political parties -- Mexico)
902 ## - CATALOGADOR
- Catalogador: BDV/060608
- Catalogador: VíctorGodínez/291124
